Handbook of image and video processing / (Record no. 175643)

000 -LEADER
fixed length control field 01191 a2200241 4500
003 - CONTROL NUMBER IDENTIFIER
control field Nust
005 - DATE AND TIME OF LATEST TRANSACTION
control field 20220804123801.0
010 ## - LIBRARY OF CONGRESS CONTROL NUMBER
LC control number 2005045218
020 ## - INTERNATIONAL STANDARD BOOK NUMBER
International Standard Book Number 0121197921 (alk. paper)
040 ## - CATALOGING SOURCE
Transcribing agency Nust
082 00 - DEWEY DECIMAL CLASSIFICATION NUMBER
Classification number 621.367,HAN
245 00 - TITLE STATEMENT
Title Handbook of image and video processing /
Statement of responsibility, etc. editor, Al Bovik.
246 30 - VARYING FORM OF TITLE
Title proper/short title Image and video processing
250 ## - EDITION STATEMENT
Edition statement 2nd ed.
260 ## - PUBLICATION, DISTRIBUTION, ETC.
Place of publication, distribution, etc. Amsterdam ;
-- Boston, MA :
Name of publisher, distributor, etc. Elsevier Academic Press,
Date of publication, distribution, etc. 2005.
300 ## - PHYSICAL DESCRIPTION
Extent xvi, 1372 p. :
Other physical details ill. 28 cm.
505 ## - FORMATTED CONTENTS NOTE
Formatted contents note Introduction (Page-1), Basic Image Processing Techniques (Page-3), Image and Video Processing (Page-99), Image Compression (Page-643), Video Compression (Page-777), Image and Video Acquisition (Page-895), Image and Video Rendering and Assessment (Page-925), Image and Video Storage Retrieval and Communication (Page-993), Application of images Processing (Page-1131),
650 #0 - SUBJECT ADDED ENTRY--TOPICAL TERM
Topical term or geographic name entry element Telecommunication Engineering.
700 1# - ADDED ENTRY--PERSONAL NAME
Personal name Bovik, Alan C.
Dates associated with a name 1958-
9 (RLIN) 96530
856 42 - ELECTRONIC LOCATION AND ACCESS
Materials specified Publisher description
Uniform Resource Identifier <a href="http://www.loc.gov/catdir/enhancements/fy0624/2005045218-d.html">http://www.loc.gov/catdir/enhancements/fy0624/2005045218-d.html</a>
856 42 - ELECTRONIC LOCATION AND ACCESS
Materials specified Table of contents only
Uniform Resource Identifier <a href="http://www.loc.gov/catdir/enhancements/fy0624/2005045218-t.html">http://www.loc.gov/catdir/enhancements/fy0624/2005045218-t.html</a>
942 ## - ADDED ENTRY ELEMENTS (KOHA)
Koha item type Reference
Source of classification or shelving scheme
Holdings
Withdrawn status Lost status Source of classification or shelving scheme Damaged status Not for loan Permanent Location Current Location Shelving location Date acquired Full call number Barcode Date last seen Price effective from Koha item type Public note
          Military College of Signals (MCS) Military College of Signals (MCS) Reference 12/12/2016 621.367,HAN MCS32430 12/08/2016 12/12/2016 Reference Almirah No.20, Shelf No.5
© 2023 Central Library, National University of Sciences and Technology. All Rights Reserved.